Culture and communication

Gespeichert in:
Bibliographische Detailangaben
1. Verfasser: Šajgalíková, Helena
Körperschaft: Ekonomická univerzita v Bratislave. Fakulta aplikovaných jazykov
Weitere Verfasser: Bocková, Viera, Vehnerová, Eva, McCullough, Paul, Breveníková, Daniela, Delgadová, Elena
Format: Buch
Sprache:Englisch
Veröffentlicht: Bratislava Vydavateľstvo EKONÓM 2008
Ausgabe:1. vyd.
Schlagworte:
Tags: Tag hinzufügen
Keine Tags, Fügen Sie das erste Tag hinzu!

MARC

LEADER 00000nam$a2200000$$$4500
001 0087820
005 20240502072003.2
020 |a 978-80-225-2650-0 
020 |a 978-80-225-3389-8 
041 0 |a eng 
044 |a SK 
245 1 0 |a Culture and communication  |c Helena Šajgalíková, Viera Bocková, Eva Vehnerová 
250 |a 1. vyd. 
264 1 |a Bratislava  |b Vydavateľstvo EKONÓM  |c 2008 
300 |a 154 s. [11,051 AH] 
610 2 0 |a kultúra 
610 2 0 |a komunikácia 
610 2 0 |a motivácia 
610 2 0 |a modely 
610 2 0 |a jazykoveda 
610 2 0 |a terminológia 
610 2 0 |a jazyky cudzie 
610 2 0 |a angličtina 
100 1 |a Šajgalíková, Helena 
700 1 |a Bocková, Viera 
700 1 |a Vehnerová, Eva 
700 1 |a McCullough, Paul 
700 1 |a Breveníková, Daniela 
700 1 |a Delgadová, Elena 
710 2 |a Ekonomická univerzita v Bratislave. Fakulta aplikovaných jazykov